(Record no. 27446)
[ view plain ]
| 000 -LEADER | |
|---|---|
| fixed length control field | 00640 a2200313 4500 |
| 110 ## - VEDETTE PRINCIPALE - NOM DE COLLECTIVITE | |
| Corporate name or jurisdiction name as entry element | GTZ |
| 100 ## - VEDETTE PRINCIPALE - NOM DE PERSONNE | |
| Personal name | NAGO, C. M. |
| 130 ## - VEDETTE PRINCIPALE - TITRE UNIFORME | |
| Language of a work | Fr |
| 260 ## - PUBLICATION, DISTRIBUTION, ETC. (IMPRINT) | |
| Place of publication, distribution, etc | Cotonou |
| 260 ## - PUBLICATION, DISTRIBUTION, ETC. (IMPRINT) | |
| Name of publisher, distributor, etc | FSA |
| 260 ## - PUBLICATION, DISTRIBUTION, ETC. (IMPRINT) | |
| Date of publication, distribution, etc | 1996 |
| 300 ## - PHYSICAL DESCRIPTION | |
| Extent | 469p. |
| 300 ## - PHYSICAL DESCRIPTION | |
| Other physical details | ill. |
| 440 ## - SERIES STATEMENT/ADDED ENTRY--TITLE | |
| Title | Actes du séminaire atelier |
| 650 ## - SUBJECT ADDED ENTRY--TOPICAL TERM | |
| Topical term or geographic name as entry element | Nutrition humaine |
| 690 ## - LOCAL SUBJECT ADDED ENTRY--TOPICAL TERM (OCLC, RLIN) | |
| Topical term or geographic name as entry element | Zone urbaine |
| 711 ## - ADDED ENTRY--MEETING NAME | |
| Date of meeting | 14 au 18 juin 1993 |
| 711 ## - ADDED ENTRY--MEETING NAME | |
| Location of meeting | Cotonou |
| 710 ## - ADDED ENTRY--CORPORATE NAME | |
| Corporate name or jurisdiction name as entry element | FAO |
| 710 ## - ADDED ENTRY--CORPORATE NAME | |
| Corporate name or jurisdiction name as entry element | UAW |
| 710 ## - ADDED ENTRY--CORPORATE NAME | |
| Corporate name or jurisdiction name as entry element | FSA |
| 710 ## - ADDED ENTRY--CORPORATE NAME | |
| Corporate name or jurisdiction name as entry element | UNB |
| 700 ## - ADDED ENTRY--PERSONAL NAME | |
| Personal name | HOUNHOUIGAN, D.J. |
| 700 ## - ADDED ENTRY--PERSONAL NAME | |
| Personal name | DE KONING F. |
| 700 ## - ADDED ENTRY--PERSONAL NAME | |
| Personal name | GROSS, R. |
| 711 ## - ADDED ENTRY--MEETING NAME | |
| Meeting name or jurisdiction name as entry element | Séminaire-atelier |
| Withdrawn status | Lost status | Damaged status | Not for loan | Location (home branch) | Sublocation or collection (holding branch) | Date acquired | Koha issues (times borrowed) | Koha full call number | Koha date last seen | Copy number | Price effective from | Koha item type | Public note |
|---|---|---|---|---|---|---|---|---|---|---|---|---|---|
| Bibliothèque-Centre de Documentation de la Faculté des Sciences Agronomiques | Bibliothèque-Centre de Documentation de la Faculté des Sciences Agronomiques | NSA.1996.005 | 28/02/2009 | 1 | 28/02/2009 | Livre | A.6698 |